Kde dúhy žijú (Record no. 22536)
[ view plain ]
| 000 -LEADER | |
|---|---|
| fixed length control field | 00797nam a2200265 a 4500 |
| 001 - CONTROL NUMBER | |
| control field | 22536 |
| 003 - CONTROL NUMBER IDENTIFIER | |
| control field | SK-KTurca |
| 005 - DATE AND TIME OF LATEST TRANSACTION | |
| control field | 20260331160640.0 |
| 008 - FIXED-LENGTH DATA ELEMENTS--GENERAL INFORMATION | |
| fixed length control field | 240318s1987 xo slo d |
| 020 ## - INTERNATIONAL STANDARD BOOK NUMBER | |
| Terms of availability | 15.00 |
| 035 ## - SYSTEM CONTROL NUMBER | |
| System control number | POKPOH25135 |
| 040 ## - CATALOGING SOURCE | |
| Original cataloging agency | POKPOH |
| Language of cataloging | slo |
| Transcribing agency | POKPOH |
| 041 1# - LANGUAGE CODE | |
| Language code of text/sound track or separate title | slo |
| Language code of original | rus |
| 100 1# - MAIN ENTRY--PERSONAL NAME | |
| Personal name | Dackevič, Viktor |
| Relationship | aut |
| 245 10 - TITLE STATEMENT | |
| Title | Kde dúhy žijú |
| Remainder of title | Rybky v akváriu |
| Statement of responsibility, etc. | Viktor Dackevič ; [z ruského originálu prel. Alexandra Šufliarska] |
| 250 ## - EDITION STATEMENT | |
| Edition statement | 1. vyd. |
| 260 ## - PUBLICATION, DISTRIBUTION, ETC. | |
| Place of publication, distribution, etc. | Moskva |
| Name of publisher, distributor, etc. | Raduga Publishers |
| Date of publication, distribution, etc. | 1987 |
| 300 ## - PHYSICAL DESCRIPTION | |
| Extent | 32 s. viaz. |
| Other physical details | obr. |
| 650 07 - SUBJECT ADDED ENTRY--TOPICAL TERM | |
| Topical term or geographic name entry element | akvaristika |
| Source of heading or term | POKPOH |
| 650 07 - SUBJECT ADDED ENTRY--TOPICAL TERM | |
| Topical term or geographic name entry element | ryby |
| Source of heading or term | POKPOH |
| 700 1# - ADDED ENTRY--PERSONAL NAME | |
| Personal name | Šufliarska, Alexandra, |
| Dates associated with a name | 1953- |
| Relationship | trl |
| 700 1# - ADDED ENTRY--PERSONAL NAME | |
| Personal name | Dackevič, Viktor |
| Relationship | pht |
| 942 ## - ADDED ENTRY ELEMENTS (KOHA) | |
| Source of classification or shelving scheme | Dewey Decimal Classification |
| Koha item type | Odborná literatúra pre deti |
| Suppress in OPAC | No |
| Stav vyradenia | Strata | Poškodenie | Spôsob nadobudnutia | Domovská knižnica | Aktuálna knižnica | Dátum nadobudnutia | Total checkouts | Čiarový kód exemplára | Date last seen | Typ exemplára |
|---|---|---|---|---|---|---|---|---|---|---|
| Dar | Obecná knižnica Horná Štubňa | Obecná knižnica Horná Štubňa | 31.03.2026 | 4736202102 | 31.03.2026 | Odborná literatúra pre deti |
